| 000 | 00520nam a22001817a 4500 | ||
|---|---|---|---|
| 003 | OSt | ||
| 005 | 20140310182500.0 | ||
| 008 | 130806t xxu||||| |||| 00| 0 eng d | ||
| 020 | _a9789715848862 | ||
| 050 |
_aQK 47 _b.Ev92 2009 |
||
| 100 |
_aEvangelista, Eden V. _98639 |
||
| 245 |
_aWorktext in general botany / _cEden V. Evangelista. |
||
| 260 |
_aPhilippines : _bC & E Publishing, Inc., _cc2009. |
||
| 300 |
_a162 p. : _bill. (some col.) ; _c26 cm. |
||
| 942 |
_2lcc _cSSLC |
||
| 999 |
_c13801 _d13801 |
||